000 02332cam a22004934i 4500
003 PE-LiUPU
005 20250731173424.0
008 150706s2010 flu r 000 0 spa d
020 _a9780789918383
035 _a(Sirsi) i9780789918383
040 _aPE-LiUPU
_bspa
_cPE-LiUPU
_erda
049 _aPRUA
082 0 4 _a253
_bJ67
_221
100 1 _aJohnson, Craig,
_d1952-
_qCraig Edward,
_eautor.
245 1 0 _aLiderazgo vertical :
_binspira personas que se alisten como voluntarios. Crea grandes equipos que perduren /
_cCraig Johnson ; editado por Rojas & Rojas Editores, traducido por Dr. Andrés Carrodeguas.
264 1 _aMiami, Florida :
_bEditorial Unilit,
_c2010.
300 _a218 páginas ;
_c21 centímetros
336 _atext
_2rdacontent
337 _aunmediated
_2rdamedia
338 _avolume
_2rdacarrier
505 0 _aLa formación del líder vertical -- El corazón de un niño y la voluntad de un guerrero -- Semillas de Destino -- La influencia de la inspiración -- Fabricantes de sueños -- Destructores de sueños -- La meta nunca es más importante que el persona -- Fabricantes de buenas reputaciones -- Los peces dinero -- Conviértete en un estudioso de la conducta humana -- El método correcto se activa la mejor respuesta -- El arte del cambio - El nivel de dedicación se mide por el nivel de cumplimiento - Cuando un equipo se convierte en una familia -- Reconocimiento.
526 _aSEG42
526 _aSEG41
526 _aSEG40
526 _aSEG39
526 _aP94
526 _aP87
526 _aP86
526 _aP85
526 _aP77
526 _aP76
526 _aP35
541 _g001-0000606;
650 0 4 _aLiderazgo Cristiano.
700 1 _aCarrodeguas, Andrés,
_etraductor.
700 1 _aRojas,
_eeditor.
700 1 _aOsteen, Joel,
_eprol.
910 _agl
_bjv
_cng
_d20121023
942 _2ddc
_cBOOK
949 _a253 J67
_wDEWEY
_c1
_i65683
_lCCODEBUL1
_mBUL
_p26.00
_r0
_sY
_tBOOK
_u2015-7-6
_xTEOLOGIA
_PP35
_o.STAFF. Colección General
994 _aC0
_bPEPRU
596 _a1
999 _a253 J67
_wDEWEY
_c54116
_i65683
_d54116
_e2018-9-21
_f2021-11-10
_g5
_lCCODEBUL1
_mBUL
_n8
_p26.00
_q6
_r0
_sY
_tBOOK
_u2015-7-6
_xTEOLOGIA
_PP35
_0COMPRA
_o.STAFF. Colección Teología
980 _81
_gALBERTO SANCHEZ Responsable de Automatización